000 00620nam a2200229Ia 4500
003 OSt
005 20220918202138.0
006 a|||||r|||| 00| 0
007 ta
008 220917b |||||||| |||| 00| 0 eng d
024 _a99,079
037 _cTextual
040 _aARTS
_cARTS
_beng
041 _2eng
_aeng
082 _aV2:25xM69:9, J81; L9
100 _aMukerjee Hiren
245 0 _aGandhiji
_b a study
260 _aNew Delhi
_bPeople's Publishing House India
_c1958
650 _aHISTORY
942 _hV2:25xM69:9, J81; L9
_cTEXL
_2CC
999 _c222657
_d222657